000 00657nam a2200205 i 4500
001 44844
003 ES-MaACL
005 20230906161114.0
007 t|
008 030324s1980 sp ||||1| cat d
100 1 _aClos, Juan.
_939284
245 1 2 _aL'assistència sanitaria a les comarques de Catalunya /
_cJoan Clos, Elisa Sèculi, Andreu Segura ; próleg d e Ramón Espasa i Oliver.
250 _a[1ª ed.].
260 _aBarcelona :
_bLaia,
_c[1980]
300 _a195 p. ;
_c19 cm.
700 1 _aSèculi, Elisa.
_9105057
700 1 _aSegura, Andreu.
_9105197
700 1 _aEspasa i Oliver, Ramón.
_947788
852 _aES-MaACL
_jA-10877
_bR.100289
999 _c44844
_d44844